MARC

LEADER 00000nam0a2200000 4500
001 360631
005 20231102011315.0
035 |a (RuTPU)RU\TPU\retro\17957 
035 |a RU\TPU\retro\17944 
090 |a 360631 
100 |a 20210420d1925 k y0frey50 ba 
101 1 |a fre  |c ger 
102 |a FR 
105 |a af z 001zy 
200 1 |a Traité théorique et pratique de chauffage et de ventilation  |e guide pour le calcul et l'établissement des projets et installations de chauffage et de ventilation  |e a l'usage des ingénieurs, constructeurs, architectes, entrepreneurs, etc.  |f H. Rietschel  |g revu et mis a jour par A. Brabbee ; traduit sur la sixième édition allemande par Ad. Jouve 
210 |a Paris  |a Liege  |c Librairie Polytechnique Ch. Béranger  |d 1925 
215 |a 8, XX, 407 p.  |c fig., tabl. 
300 |a Раздельная пагинация страниц 
316 |5 63413507: М-133410  |a На титульном листе владельческая подпись: "Бутаков" 
316 |5 63413507: М-133410  |a На форзаце штамп с наценкой в 40% 
316 |5 63413507: М-133410  |a На дополнительном титульном листе книготорговая марка Librairie Politechnique Ch. Béranger 
317 |5 63413507: М-133410  |a Поступил в НТБ в 1970 г. в составе книжного собрания профессора ТПИ И. Н. Бутакова 
320 |9 572  |a Библиогр. в примеч. 
320 |9 572  |a Table alphabétique: p. 405-407 
541 1 |a Трактат теоретический и практический по отоплению и вентиляции  |e руководство по расчету, проектированию и установке отопительных и вентиляционных систем  |e для инженеров, строителей, архитекторов, подрядчиков и т.д.  |z fre 
606 1 |a Отопление  |2 stltpush  |3 (RuTPU)RU\TPU\subj\47798  |9 66709 
606 1 |a Вентиляционные установки  |2 stltpush  |3 (RuTPU)RU\TPU\subj\2212  |9 30804 
610 1 |a Библиотека И. Н. Бутакова 
610 1 |a дары библиотеке 
610 1 |a владельческие подписи 
610 1 |a владельческие знаки 
610 1 |a тепло 
610 1 |a теплоснабжение 
610 1 |a системы отопления 
610 1 |a системы вентиляции 
610 1 |a центральное отопление 
610 1 |a местное отопление 
610 1 |a отопительное оборудование 
610 1 |a отопительная система 
610 1 |a отопительные приборы 
610 1 |a тепловые потери 
610 1 |a режимы отопления 
610 1 |a охлаждающие системы 
610 1 |a охлаждение 
610 1 |a воздухообмен 
610 1 |a охлаждение воздушное 
610 1 |a вентиляционное оборудование 
610 1 |a дымоходы 
610 1 |a расчеты 
610 1 |a проектирование 
610 1 |a французский язык 
675 |a 697.1  |v 4 
675 |a 697.921.4  |v 4 
700 1 |a Rietschel  |b H. 
702 1 |a Brabbée  |b A.  |4 340 
702 1 |a Jouve  |b Ad.  |4 730 
801 1 |a RU  |b 63413507  |c 20210419 
801 2 |a RU  |b 63413507  |c 20230118  |g RCR 
942 |c BK